[Event "Tula Rjazanov Memorial"]
[Site "Tula"]
[Date "2016.02.13"]
[Round "8"]
[White "Fedotov, Alexander V"]
[Black "Ermilov, Petr"]
[Result "1/2-1/2"]
[WhiteElo "1823"]
[BlackElo "1769"]
[PlyCount "152"]
[EventDate "2016.02.05"]
[EventType "swiss"]
[EventRounds "9"]
[EventCountry "RUS"]
[SourceTitle "CBM 171 Extra"]
[Source "ChessBase"]
[SourceDate "2016.04.26"]
[SourceVersion "1"]
[SourceVersionDate "2016.04.26"]
[SourceQuality "1"]

1. e4 e5 2. Nc3 Nf6 3. Bc4 Nc6 4. d3 Bc5 5. Bg5 d6 6. h3 Be6 7. Bxe6 fxe6 8. Nf3 h6 9. Bxf6 Qxf6 10. Ne2 0-0-0 11. c3 d5 12. Ng3 d4 13. Qb3 dxc3 14. bxc3 Rxd3 15. Qc4 Rxc3 16. Qb5 Bb4 17. 0-0 Rc5 18. Qe2 Nd4 19. Nxd4 exd4 20. Rab1 Ba5 21. Rfc1 Rxc1+ 22. Rxc1 Rf8 23. e5 Qf7 24. Ne4 Qf4 25. Qc2 Qxe5 26. f3 Bb6 27. Kh1 Kb8 28. Qc4 Qd5 29. Qb4 Re8 30. a3 Ba5 31. Qa4 Rd8 32. Rc5 Qd7 33. Rxa5 Qxa4 34. Rxa4 d3 35. Nd2 c5 36. Rc4 Rd5 37. a4 a6 38. Kg1 b5 39. axb5 axb5 40. Rc1 b4 41. Kf1 Re5 42. Ne4 b3 43. Ke1 Ka7 44. Kd2 Rd5 45. Nxc5 b2 46. Rb1 Rxc5 47. Rxb2 Rg5 48. Kxd3 Ka6 49. Ke3 e5 50. Kf2 Rf5 51. Kg3 Rf4 52. Re2 Rf5 53. Kf2 Kb6 54. g4 Rf8 55. Rxe5 Kc6 56. Re7 Rg8 57. h4 Kd6 58. Rf7 Ke6 59. Ra7 Kf6 60. Ra6+ Kf7 61. g5 h5 62. Kg3 Rb8 63. g6+ Ke7 64. Ra5 Kf6 65. Ra6+ Kf5 66. Kf2 Rb2+ 67. Kg3 Rb5 68. Rc6 Ra5 69. Rd6 Rc5 70. Kf2 Rc2+ 71. Kg3 Rc4 72. Rb6 Ra4 73. Rd6 Rb4 74. Kf2 Rb2+ 75. Kg3 Rb4 76. Rd5+ Kxg6 1/2-1/2

[Event "Zhukovsky op"]
[Site "Zhukovsky"]
[Date "2012.04.??"]
[Round "8"]
[White "Shelyagin, Aleksandr"]
[Black "Fedotov, Alexander V"]
[Result "1/2-1/2"]
[WhiteElo "1914"]
[BlackElo "1927"]
[PlyCount "104"]
[EventDate "2012.04.??"]
[EventType "swiss"]
[EventRounds "9"]
[EventCountry "RUS"]
[SourceTitle "EXT 2014"]
[Source "ChessBase"]
[SourceDate "2013.11.20"]
[SourceVersion "1"]
[SourceVersionDate "2013.11.20"]
[SourceQuality "1"]

1. e4 c6 2. d4 d5 3. Nc3 dxe4 4. Nxe4 Nd7 5. Bc4 e6 6. Nf3 Ngf6 7. Neg5 Nb6 8. Bb3 h6 9. Nh3 Be7 10. Nf4 Nbd5 11. c3 0-0 12. 0-0 Bd6 13. Nd3 Qc7 14. Nfe5 Nd7 15. f4 N5f6 16. Bc2 c5 17. dxc5 Nxc5 18. Qe2 b6 19. Nxc5 Bxc5+ 20. Be3 Bb7 21. Nd3 Ba6 22. Bxc5 Bxd3 23. Bxd3 Qxc5+ 24. Kh1 Rad8 25. Rad1 Rd6 26. Bc2 Rfd8 27. h3 Qc7 28. f5 Rxd1 29. Rxd1 Rxd1+ 30. Qxd1 e5 31. Qd2 Qd7 32. Qe3 Qd5 33. b3 Kf8 34. Kg1 Nd7 35. Kf2 Qc5 36. b4 Qxe3+ 37. Kxe3 Ke7 38. Bb3 f6 39. Ke4 Kd6 40. Bc4 Nb8 41. a4 a5 42. Bb5 axb4 43. cxb4 Nc6 44. Bxc6 Kxc6 45. g4 Kd6 46. h4 Kc6 47. Ke3 Kc7 48. Kd3 Kc6 49. Kc4 Kc7 50. Kd5 Kd7 51. g5 h5 52. gxf6 gxf6 1/2-1/2

[Event "Zhukovsky op-B"]
[Site "Zhukovsky"]
[Date "2010.01.??"]
[Round "4"]
[White "Fedotov, Alexander V"]
[Black "Kochetkov, Sergey"]
[Result "1-0"]
[WhiteElo "1927"]
[BlackElo "1616"]
[PlyCount "73"]
[EventDate "2010.01.??"]
[EventType "swiss"]
[EventRounds "7"]
[EventCountry "RUS"]
[SourceTitle "EXT 2012"]
[Source "ChessBase"]
[SourceDate "2011.11.24"]
[SourceVersion "1"]
[SourceVersionDate "2011.11.24"]
[SourceQuality "1"]

1. d4 Nf6 2. c4 e6 3. Nc3 Bb4 4. a3 Be7 5. e4 d5 6. e5 Ng8 7. c5 a5 8. Nf3 Bd7 9. Be3 f6 10. Bd3 f5 11. 0-0 g6 12. b4 axb4 13. axb4 Nc6 14. Qb3 g5 15. Rxa8 Qxa8 16. Bxg5 Bxg5 17. Nxg5 Qd8 18. Nf3 Nce7 19. b5 Ng6 20. Ra1 Nf4 21. Bf1 Ne7 22. g3 Nfg6 23. Ne2 h5 24. h4 Ng8 25. Ng5 Nh6 26. Nf4 Nxf4 27. gxf4 Nf7 28. Be2 Ke7 29. Kh2 Qe8 30. Qb4 Kd8 31. c6 bxc6 32. bxc6 Bc8 33. Ra8 Nxg5 34. Qb7 Nf3+ 35. Bxf3 Ke7 36. Qxc7+ Bd7 37. Rxe8+ 1-0

[Event "Zhukovsky op-B"]
[Site "Zhukovsky"]
[Date "2009.01.??"]
[Round "5"]
[White "Fedotov, Alexander V"]
[Black "Ershov, Aleksey"]
[Result "1/2-1/2"]
[WhiteElo "1927"]
[BlackElo "1682"]
[PlyCount "92"]
[EventDate "2009.01.??"]
[EventType "swiss"]
[EventRounds "7"]
[EventCountry "RUS"]
[SourceTitle "EXT 2012"]
[Source "ChessBase"]
[SourceDate "2011.11.24"]
[SourceVersion "1"]
[SourceVersionDate "2011.11.24"]
[SourceQuality "1"]

1. d4 d5 2. c4 e6 3. Nc3 c6 4. Nf3 Nf6 5. Bg5 dxc4 6. a4 Be7 7. e3 b6 8. Bxc4 Bb7 9. Be2 Nd5 10. Bxe7 Qxe7 11. Nxd5 cxd5 12. 0-0 0-0 13. Qd2 Nd7 14. Rfc1 Rfc8 15. b4 e5 16. dxe5 Nxe5 17. Nd4 Nc4 18. Qe1 a6 19. b5 a5 20. Bf3 Rc7 21. Qe2 g6 22. Rc3 Ne5 23. Rac1 Rac8 24. Rxc7 Rxc7 25. Rxc7 Qxc7 26. Qc2 Qxc2 27. Nxc2 Nxf3+ 28. gxf3 Kf8 29. Kf1 Ke7 30. Ke2 Kd6 31. Kd3 Kc5 32. Kc3 Bc8 33. Nd4 Bd7 34. Nb3+ Kd6 35. Kd4 Bh3 36. Nd2 Bf5 37. e4 dxe4 38. fxe4 Be6 39. e5+ Ke7 40. f4 h6 41. h4 f6 42. exf6+ Kxf6 43. Nc4 Bxc4 44. Kxc4 Ke6 45. Kd4 Kd6 46. Ke4 Ke6 1/2-1/2

[Event "Zhukovsky op-B"]
[Site "Zhukovsky"]
[Date "2009.01.??"]
[Round "6"]
[White "Kuznetsov, Yuriy"]
[Black "Fedotov, Alexander V"]
[Result "1-0"]
[WhiteElo "1775"]
[BlackElo "1927"]
[PlyCount "93"]
[EventDate "2009.01.??"]
[EventType "swiss"]
[EventRounds "7"]
[EventCountry "RUS"]
[SourceTitle "EXT 2012"]
[Source "ChessBase"]
[SourceDate "2011.11.24"]
[SourceVersion "1"]
[SourceVersionDate "2011.11.24"]
[SourceQuality "1"]

1. d4 Nf6 2. c4 e6 3. Nf3 Bb4+ 4. Bd2 Be7 5. g3 0-0 6. Bg2 d5 7. 0-0 c6 8. Qc2 Nbd7 9. b3 Bd6 10. Bc3 Re8 11. Ne5 Bc7 12. Nd2 Nxe5 13. dxe5 Nd7 14. Nf3 dxc4 15. bxc4 Ba5 16. Rfd1 Bb6 17. a4 a6 18. e3 Qc7 19. Ng5 g6 20. Ne4 Bc5 21. Rxd7 Bxd7 22. Nxc5 b6 23. Ne4 Red8 24. Nf6+ Kg7 25. Qe4 Rac8 26. Qh4 h5 27. Ne4 Rh8 28. Qf6+ Kh6 29. Nd6 Rcf8 30. Rd1 Be8 31. h4 c5 32. Ra1 Rhg8 33. Be4 Rg7 34. Qg5+ Kh7 35. Qxh5+ Kg8 36. Qg5 Bc6 37. Qf6 Bxe4 38. Nxe4 Qc6 39. Nd6 Rh7 40. Qf4 Rh5 41. Qf6 Rh7 42. g4 Rh6 43. f3 Rh7 44. Kf2 Qc7 45. Ne4 Rg7 46. Qg5 Qd7 47. Nf6+ 1-0

[Event "Suvorov-ch"]
[Site "Suvorov"]
[Date "2007.01.26"]
[Round "3"]
[White "Ermilov, Petr"]
[Black "Fedotov, Alexander V"]
[Result "1/2-1/2"]
[WhiteElo "1946"]
[BlackElo "1965"]
[PlyCount "33"]
[EventDate "2007.01.24"]
[EventType "swiss"]
[EventRounds "9"]
[EventCountry "RUS"]
[SourceTitle "EXT 2019"]
[Source "ChessBase"]
[SourceDate "2018.10.10"]
[SourceVersion "1"]
[SourceVersionDate "2018.10.10"]
[SourceQuality "1"]

1. e4 e5 2. Nf3 Nc6 3. Bc4 Nd4 4. Nxd4 exd4 5. Qf3 Qf6 6. Qxf6 Nxf6 7. d3 Bc5 8. 0-0 d6 9. Re1 0-0 10. Bg5 Nd7 11. Nd2 h6 12. Bh4 Ne5 13. Bd5 c6 14. Bb3 a5 15. a3 a4 16. Ba2 Bd7 17. Bg3 1/2-1/2